| 000 | 00436nam a2200181Ia 4500 | ||
|---|---|---|---|
| 005 | 20250603144641.0 | ||
| 008 | 250603s9999 xx 000 0 und d | ||
| 020 | _a812192605X | ||
| 050 | _aTA 9 .K48/ | ||
| 100 | _aKhurmi, R.S. | ||
| 245 | 0 | _aCivil engineering : conventional and objective type | |
| 260 | _aNew Delhi | ||
| 260 | _bS chand & company | ||
| 260 | _c2007 | ||
| 300 | _a659 p | ||
| 650 | _aNew Delhi | ||
| 942 | _cBK | ||
| 999 |
_c39545 _d39545 |
||